Vírusy: Počítače v ohrození

Bezpečnostné výzvy internetu vecí nielen v domácnostiach ale aj vo firmách. Pripájanie stále viac zariadení k internetu a nárast možností na kybernetický útok. Ransomware - typ škodlivého kódu, ktorý zablokuje súbory na zariadení a za ich odblokovanie požaduje výkupné. Ohrozené aj autá pripojené na...

Full description

Saved in:
Bibliographic Details
Main Author: Brezovský, Jozef
Format: Book Chapter
Language:Slovak
Subjects:
Tags: Add Tag
No Tags, Be the first to tag this record!

MARC

LEADER 00000naa a2200000 4500
001 0240355
005 20180309112008.1
041 0 |a slo 
044 |a CZ 
245 1 0 |a Vírusy: Počítače v ohrození  |c Jozef Brezovský 
520 |a Bezpečnostné výzvy internetu vecí nielen v domácnostiach ale aj vo firmách. Pripájanie stále viac zariadení k internetu a nárast možností na kybernetický útok. Ransomware - typ škodlivého kódu, ktorý zablokuje súbory na zariadení a za ich odblokovanie požaduje výkupné. Ohrozené aj autá pripojené na internet. Cielené útoky kategorizované ako APT (Advanced persistent threats). E-mail zostáva jedným z hlavných spôsobov, ako nájsť nové obete. Zraniteľné tablety a smartfóny. 
610 2 0 |a technológie informačné 
610 2 0 |a technológie komunikačné 
610 2 0 |a internet 
610 2 0 |a bezpečnosť informačná 
610 2 0 |a útoky kybernetické 
610 2 0 |a počítače 
100 1 |a Brezovský, Jozef